American Tourist Destinations Quiz - Statistics

General Stats
  • This quiz has been taken 92 times
  • The average score is 12 of 15
Answer Stats
Hint Answer % Correct
A gift from France, once a copper color, to represent the freedom and liberty of the United States. Located in New York. The Statue of Liberty
99%
The residence of the President in Washington D.C. The White House
93%
An old prison located in the San Francisco Bay area. Alcatraz
90%
Three waterfalls on the border of Canada and New York. Niagara Falls
88%
The casino capital of the United States in Nevada. Las Vegas
87%
First national park in the United States, with a time bomb volcano underneath its grounds in Wyoming. Yellowstone National Park
87%
The largest amusement park in the world, near Kissimmee, Florida. Walt Disney World
84%
A mountain with four presidents carved into it in South Dakota. Mount Rushmore
82%
A cracked bell which is an iconic symbol of American Independence, situated in Pennsylvania. Liberty Bell
79%
Similar to the CN Tower, but a bit shorter. In Seattle. Space Needle
78%
Once the tallest building in the world, in Chicago. Willis Tower
74%
15th oldest national park in Arizona. The Grand Canyon
71%
An obelisk in Washington D.C sitting on the National Mall. Washington Monument
63%
"The Shrine of Texas Liberty". The Alamo
57%
The waterpark capital of the world, found in Wisconsin. Wisconsin Dells
29%
No matching quizzes found
Score Distribution
Percent of People with Each Score
Percentile by Number Answered
Your Score History
You have not taken this quiz